Faculty of Law Library — Cairo University

Official Online Catalog

The law and practice of the United Nations / (Record no. 63540)

MARC details
000 -LEADER
fixed length control field 01211pam a2200361 a 4500
003 - CONTROL NUMBER IDENTIFIER
control field EG-GICUC
005 - DATE AND TIME OF LATEST TRANSACTION
control field 20260224102622.0
008 - FIXED-LENGTH DATA ELEMENTS--GENERAL INFORMATION
fixed length control field 960307s1996 ne frb 001 0 eng d
020 ## - INTERNATIONAL STANDARD BOOK NUMBER
International Standard Book Number 9041102337
Qualifying information hb : alk. paper
020 ## - INTERNATIONAL STANDARD BOOK NUMBER
International Standard Book Number 9789041102331
Qualifying information (hb : alk. paper)
040 ## - CATALOGING SOURCE
Original cataloging agency DLC
Transcribing agency DLC
Modifying agency DLC
-- EG-GICUC
Language of cataloging eng
Description conventions rda
041 1# - LANGUAGE CODE
Language code of text/sound track or separate title eng
Language code of original ita
050 00 - LIBRARY OF CONGRESS CALL NUMBER
Classification number JX1977
Item number .C61513 1996
082 00 - DEWEY DECIMAL CLASSIFICATION NUMBER
Classification number 341.23
Edition number 21
092 04 - LOCALLY ASSIGNED DEWEY CALL NUMBER (OCLC)
Edition number 21
099 ## - LOCAL FREE-TEXT CALL NUMBER (OCLC)
Classification number Law 11 1996
100 1# - MAIN ENTRY--PERSONAL NAME
Personal name Conforti, Benedetto.
240 10 - UNIFORM TITLE
Uniform title Nazioni Unite.
Language of a work English
245 14 - TITLE STATEMENT
Title The law and practice of the United Nations /
Statement of responsibility, etc. by Benedetto Conforti.
264 ## - PRODUCTION, PUBLICATION, DISTRIBUTION, MANUFACTURE, AND COPYRIGHT NOTICE
Place of production, publication, distribution, manufacture The Hague ;
-- Boston :
Name of producer, publisher, distributor, manufacturer Kluwer Law International,
Date of production, publication, distribution, manufacture, or copyright notice 1996.
300 ## - PHYSICAL DESCRIPTION
Extent xvi, 310 pages ;
Dimensions 25 cm.
336 ## - CONTENT TYPE
Content type term text
Source rdacontent
337 ## - MEDIA TYPE
Media type term Computer
Source rdamedia
338 ## - CARRIER TYPE
Carrier type term Online Resource
Source rdacarrier
490 1# - SERIES STATEMENT
Series statement Legal aspects of international organization ;
Volume/sequential designation v. 30
504 ## - BIBLIOGRAPHY, ETC. NOTE
Bibliography, etc. note Includes bibliographical references and index.
610 20 - SUBJECT ADDED ENTRY--CORPORATE NAME
Corporate name or jurisdiction name as entry element United Nations.
650 1# - SUBJECT ADDED ENTRY--TOPICAL TERM
Topical term or geographic name entry element International law
830 #0 - SERIES ADDED ENTRY--UNIFORM TITLE
Uniform title Legal aspects of international organization ;
Volume/sequential designation 30.
856 40 - ELECTRONIC LOCATION AND ACCESS
Uniform Resource Identifier <a href="https://fll.law.cu.edu.eg/fulltext/bks/ENGB11-00155.pdf">https://fll.law.cu.edu.eg/fulltext/bks/ENGB11-00155.pdf</a>
905 ## - Cataloger and Reviser Names
Cataloger Name: Hend El khosy
942 ## - ADDED ENTRY ELEMENTS (KOHA)
Source of classification or shelving scheme Dewey Decimal Classification
Koha item type Books
Edition 21
Suppress in OPAC No
Holdings
Withdrawn status Lost status Source of classification or shelving scheme Damaged status Not for loan Collection Home library Current library Date acquired Total checkouts Full call number Barcode Date last seen Copy number Price effective from Koha item type Public note Source of acquisition
    Dewey Decimal Classification     القانون الدولي العام جــــامعة القــاهرة مكتبة كلية الحقوق - المبنى الرئيسي 24.02.2026   Law2 11 341.23 CO . L 1996 1100055 C1 ENGB11-00055 24.02.2026 1 24.02.2026 Books 1974  
    Dewey Decimal Classification     القانون الدولي العام جــــامعة القــاهرة مكتبة كلية الحقوق - فـرع الشيخ زايد 24.02.2026   Law2 11 341.23 CO . L 1996 1100056 C2 ENGB11-00056 24.02.2026 2 24.02.2026 Books 2303  
    Dewey Decimal Classification     القانون الدولي العام جــــامعة القــاهرة مكتبة كلية الحقوق - فـرع الشيخ زايد 08.04.2026   Law2 11 341.23 CO . L 1996 1109748 C3 B11-09748 08.04.2026 3 08.04.2026 Books   إهداء مكتبة الأستاذ الدكتور صلاح عامر

© All rights reserved — Faculty of Law, Cairo University